| 000 | 01224nam a2200241 i 4500 | ||
|---|---|---|---|
| 001 | 130090 | ||
| 003 | ES-MaACL | ||
| 005 | 20230906193634.0 | ||
| 007 | t| | ||
| 008 | 070718m19671986sp a |||| | spa d | ||
| 020 | _a84-00-06435-6 | ||
| 080 | _a946.52"07/14"(093.35) | ||
| 100 | 1 |
_aZurita, Jerónimo. _9118536 |
|
| 245 | 1 | 0 |
_aAnales de la Corona de Aragón / _ccompuestos por Jerónimo Zurita ; edición preparada por Ángel Canellas López. |
| 260 |
_aZaragoza : _bInstitución Fernando el Católico, _c1967-1986. |
||
| 300 |
_a9 v. : _bil. ; _c24 cm. |
||
| 505 | 8 | _a1. Libros primero, segundo y tercero 2. Libros cuarto y quinto 3. Libros sexto y séptimo 4. Libros octavo, noveno y décimo 5. Libros undécimo, duodécimo, decimotercero 6. Libros decimocuarto, decimoquinto 7. Libros decimosexto, decimoséptimo, decimoctavo 8. Libros decimonoveno, vigésimo 9. Indices analíticos de los Anales de la Corona de Aragón de Jerónimo Zurita / por Ángel Canellas López | |
| 651 | 4 |
_aAragón (Reino)- _xHistoria. _97791 |
|
| 700 | 1 |
_aCanellas López, Angel. _934480 |
|
| 710 | 2 |
_aInstitución "Fernando el Católico" _94721 |
|
| 852 |
_aES-MaACL _jG-1545-53 |
||
| 852 |
_aES-MaACL _jP-1160 _z.-Los primeros 4 vol. |
||
| 999 |
_c130090 _d130090 |
||